CARL TWD - Statistiques

Statistiques générales
  • Ce quiz a été pris 143 fois
  • Le résultat moyen est 6 sur 8
Statistiques - réponses
Hint Réponse % Correct
quelle age a carl dans la saison 4 ? 14
90%
comment perd-il son oeil? avec une balle
81%
avec qui carl sort il appart moi biensur ? Enid
81%
comment meurt il ? mordu par un rôdeur
71%
que pouvait il arriver a carl a la saison 4 ep16? un viol
68%
qui est sa meilleure amie ? Michonne
65%
par qui ? Ron
58%
qui empêche sa réanimation Carl /lui
53%
Aucun quiz correspondant
Distribution des résultats
% des personnes avec chaque résultat
Percentile par nombre de réponses
Votre historique - résultats
Vous n’avez pas pris ce quiz